000 01092cam a22001934a 4500
005 20250605164127.0
008 250528s ||||||||||||||||||||||||d
035 _a18503
020 _a70414602
040 _aGR-AtMCL
_bgre
_dGR-AtMCL
_eAACR2
245 1 _aSchaum's Outline of Theory and Problems of Boolean Algebra and Switching Circuits
260 _bSchaum'S Outline Series,
_c1970
300 _a216
520 _aCovers all course fundamentals and supplements any class text - Teaches effective problem-solving techniques - 150 solved problems with complete solutions - Also includes hundreds of additional problems with answers. The Algebra of Logic, The Algebra of Sets, Boolean Algebras, Switching Circuits and Logic Circuits, Topics in the Theory of Boolean Algebras, Elimination of Parentheses, Parenthesis-Free Notation, The Axiom of Choice Implies Zorn's Lemma, A Lattice-Theoretic Proof of the Schroder-Bernstein Theorem, Bibliography, Index, Index of Symbols and Abbreviations.
700 1 _aMendelson Elliott
_94769
942 _cBK
999 _c3861
_d3861